| 000 | 00667nam a2200205Ii 4500 | ||
|---|---|---|---|
| 003 | JO-AjNU | ||
| 008 | 230606s9999||||xx |||||||||||||| ||und|| | ||
| 020 | _a978-81-317-1527-7 | ||
| 040 |
_aJO-AjNU _beng _erda _cJO-AjNU |
||
| 041 | _aeng | ||
| 050 | 1 | 4 | _aLB1027.5 2008 |
| 100 | 3 |
_a kinar,Asha K, _eauthor _9381 |
|
| 245 | 0 | 0 | _aGuidance and Counselling |
| 264 | 3 | 1 | _aNew Delhi:Pearson Longman,2008 |
| 300 | _a164p | ||
| 336 |
_atext _btxt _2rdacontent |
||
| 337 |
_aunmediated _bn _2rdamedia |
||
| 338 |
_avolume _bnc _2rdacarrier |
||
| 650 | 4 |
_aEducational counselling. Counselors-Professional relationships. Educational counselling-India. Student conselors _9382 |
|
| 999 |
_aE202 _c202 _d202 |
||